[Event "SVK-chT2B 1415"]
[Site "Slovakia"]
[Date "2015.02.15"]
[Round "9.2"]
[White "Fabian, Jaroslav"]
[Black "Pinter, Patrik"]
[Result "0-1"]
[WhiteElo "2176"]
[BlackElo "2125"]
[PlyCount "76"]
[EventDate "2014.10.11"]
[EventType "team-tourn"]
[EventRounds "11"]
[EventCountry "SVK"]
[SourceTitle "EXT 2019"]
[Source "ChessBase"]
[SourceDate "2018.10.10"]
[SourceVersion "1"]
[SourceVersionDate "2018.10.10"]
[SourceQuality "1"]
[WhiteTeam "Tlmace SK"]
[BlackTeam "Topolcianky SK"]
[WhiteTeamCountry "SVK"]
[BlackTeamCountry "SVK"]

1. c4 g6 2. Nf3 Bg7 3. g3 c5 4. Bg2 Nc6 5. 0-0 d6 6. Nc3 a6 7. e3 Nf6 8. d4 0-0 9. d5 Na5 10. Nd2 Rb8 11. Rb1 b5 12. cxb5 axb5 13. b4 Ng4 14. Ne2 Nc4 15. Nxc4 bxc4 16. Bd2 cxb4 17. Bxb4 Bf5 18. e4 Bd7 19. Bc3 Rxb1 20. Qxb1 Bxc3 21. Nxc3 Qa5 22. Qb2 Ne5 23. Rb1 Nd3 24. Qd2 Rc8 25. Bf1 Ne5 26. Be2 Qc5 27. Kg2 h5 28. f4 Nd3 29. Bf3 Rc7 30. Nd1 Ra7 31. Rb8+ Kh7 32. f5 Qd4 33. Bxh5 Qxe4+ 34. Bf3 Ne1+ 35. Kf2 Nxf3 36. fxg6+ fxg6 37. Qb2 Ne5 38. Ne3 Nd3+ 0-1

[Event "SVK-chT2B 1415"]
[Site "Slovakia"]
[Date "2014.12.06"]
[Round "5.3"]
[White "Hudoba, Ondrej"]
[Black "Fabian, Jaroslav"]
[Result "1/2-1/2"]
[WhiteElo "2187"]
[BlackElo "2176"]
[PlyCount "81"]
[EventDate "2014.10.11"]
[EventType "team-tourn"]
[EventRounds "11"]
[EventCountry "SVK"]
[SourceTitle "EXT 2019"]
[Source "ChessBase"]
[SourceDate "2018.10.10"]
[SourceVersion "1"]
[SourceVersionDate "2018.10.10"]
[SourceQuality "1"]
[WhiteTeam "Levice"]
[BlackTeam "Tlmace SK"]
[WhiteTeamCountry "SVK"]
[BlackTeamCountry "SVK"]

1. e4 c5 2. Nf3 d6 3. Bb5+ Nd7 4. 0-0 Ngf6 5. d4 cxd4 6. Qxd4 e5 7. Qd3 h6 8. c4 a6 9. Bxd7+ Bxd7 10. Nc3 Be7 11. b3 0-0 12. a4 Be6 13. Ba3 Re8 14. Rfc1 Rc8 15. Nd2 Nd7 16. Nd5 Nc5 17. Bxc5 Rxc5 18. b4 Rc8 19. Nb3 Bf8 20. a5 Qg5 21. Qg3 Qxg3 22. hxg3 Bxd5 23. cxd5 Be7 24. Rxc8 Rxc8 25. Rc1 Rxc1+ 26. Nxc1 Bg5 27. Nb3 Kf8 28. Kf1 Ke7 29. Ke2 g6 30. Kd3 Kd7 31. Kc4 f5 32. f3 fxe4 33. fxe4 h5 34. b5 Be3 35. bxa6 bxa6 36. Kd3 Bf2 37. g4 hxg4 38. Nd2 Be1 39. Nc4 Bb4 40. Ke2 Bc5 41. g3 1/2-1/2

[Event "SVK-chT1W 1314"]
[Site "Slovakia"]
[Date "2014.03.02"]
[Round "9.6"]
[White "Krajnak, Robert"]
[Black "Fabian, Jaroslav"]
[Result "1-0"]
[WhiteElo "2045"]
[BlackElo "2185"]
[PlyCount "119"]
[EventDate "2013.10.12"]
[EventType "team-tourn"]
[EventRounds "11"]
[EventCountry "SVK"]
[SourceTitle "EXT 2015"]
[Source "ChessBase"]
[SourceDate "2014.11.20"]
[SourceVersion "1"]
[SourceVersionDate "2014.11.20"]
[SourceQuality "1"]
[WhiteTeam "Bratislava Doprastav II"]
[BlackTeam "Levice"]
[WhiteTeamCountry "SVK"]
[BlackTeamCountry "SVK"]

1. c4 Nf6 2. Nc3 d5 3. cxd5 Nxd5 4. e3 Nxc3 5. bxc3 g6 6. d4 Bg7 7. Bc4 0-0 8. h4 h5 9. Qc2 e6 10. Nf3 Nd7 11. Ng5 Nf6 12. e4 c5 13. e5 Nd5 14. g4 f6 15. Qxg6 fxg5 16. Bd3 Rf3 17. Be4 Rf4 18. Qh7+ Kf8 19. Ba3 b6 20. dxc5 Rxe4+ 21. Qxe4 Kg8 22. hxg5 Ba6 23. Rxh5 Qf8 24. Qh7+ Kf7 25. Rh6 Bd3 26. Qxd3 Bxh6 27. gxh6 Qxh6 28. Qf3+ Qf4 29. Qxf4+ Nxf4 30. 0-0-0 bxc5 31. Bxc5 Rc8 32. Bxa7 Rxc3+ 33. Kb2 Rc7 34. Be3 Rb7+ 35. Kc2 Nd5 36. Bd2 Ra7 37. Kb3 Rb7+ 38. Kc4 Ra7 39. Kb3 Rb7+ 40. Kc2 Ra7 41. Ra1 Ra4 42. f3 Ra3 43. f4 Rg3 44. a4 Rxg4 45. a5 Rg8 46. a6 Ra8 47. a7 Ke7 48. Kd3 Kd7 49. Kd4 Ne7 50. Ke4 Nf5 51. Ra6 Ng3+ 52. Kf3 Nf5 53. Be3 Nh4+ 54. Ke4 Nf5 55. Bc5 Ng3+ 56. Kf3 Nf5 57. Kf2 Ng7 58. Rb6 Ne8 59. Rb8 Nc7 60. Bb6 1-0

[Event "SVK-chT2B 1314"]
[Site "Slovakia"]
[Date "2014.01.12"]
[Round "6.2"]
[White "Fabian, Jaroslav"]
[Black "Kovac, Lubomir2222"]
[Result "1/2-1/2"]
[WhiteElo "2185"]
[BlackElo "2116"]
[PlyCount "53"]
[EventDate "2013.10.19"]
[EventType "team-tourn"]
[EventRounds "11"]
[EventCountry "SVK"]
[SourceTitle "EXT 2015"]
[Source "ChessBase"]
[SourceDate "2014.11.20"]
[SourceVersion "1"]
[SourceVersionDate "2014.11.20"]
[SourceQuality "1"]
[WhiteTeam "Tlmace"]
[BlackTeam "Sala"]
[WhiteTeamCountry "SVK"]
[BlackTeamCountry "SVK"]

1. c4 Nf6 2. Nc3 e5 3. Nf3 Nc6 4. g3 Bb4 5. Bg2 0-0 6. 0-0 Re8 7. d3 h6 8. a3 Bf8 9. b4 d6 10. b5 Ne7 11. d4 Ng6 12. dxe5 dxe5 13. Qc2 a6 14. a4 axb5 15. cxb5 Be6 16. Rd1 Qc8 17. Nd2 Bh3 18. Bh1 Nf4 19. Nde4 N4h5 20. Nxf6+ Nxf6 21. Ne4 Nxe4 22. Qxe4 Bf5 23. Qxb7 Qxb7 24. Bxb7 Rxa4 25. Rxa4 Bc2 26. Rd7 Bxa4 27. Rxc7 1/2-1/2

[Event "SVK-chT1W 1112"]
[Site "Slovakia"]
[Date "2012.03.03"]
[Round "10.4"]
[White "Fabian, Jaroslav"]
[Black "Privara, Igor"]
[Result "1/2-1/2"]
[WhiteElo "2192"]
[BlackElo "2264"]
[PlyCount "38"]
[EventDate "2011.10.15"]
[EventType "team-tourn"]
[EventRounds "11"]
[EventCountry "SVK"]
[SourceTitle "EXT 2013"]
[Source "ChessBase"]
[SourceDate "2012.11.22"]
[SourceVersion "1"]
[SourceVersionDate "2012.11.22"]
[SourceQuality "1"]
[WhiteTeam "Tlmace"]
[BlackTeam "Bratislava Slovan II"]
[WhiteTeamCountry "SVK"]
[BlackTeamCountry "SVK"]

1. e4 c5 2. Nf3 Nc6 3. d4 cxd4 4. Nxd4 g6 5. Be3 Nf6 6. Nc3 Bg7 7. Be2 0-0 8. 0-0 d5 9. exd5 Nb4 10. Nb3 Nbxd5 11. Nxd5 Nxd5 12. Bd4 Nf6 13. Bf3 Qc7 14. Qe2 Be6 15. Rfd1 Rfd8 16. Be5 Qb6 17. Bd4 Qc7 18. Be5 Qb6 19. Bd4 Qc7 1/2-1/2

[Event "SVK-chT1W 1112"]
[Site "Slovakia"]
[Date "2012.02.04"]
[Round "8.4"]
[White "Fabian, Jaroslav"]
[Black "Lukac, Roman"]
[Result "1/2-1/2"]
[WhiteElo "2192"]
[BlackElo "2165"]
[PlyCount "35"]
[EventDate "2011.10.15"]
[EventType "team-tourn"]
[EventRounds "11"]
[EventCountry "SVK"]
[SourceTitle "EXT 2013"]
[Source "ChessBase"]
[SourceDate "2012.11.22"]
[SourceVersion "1"]
[SourceVersionDate "2012.11.22"]
[SourceQuality "1"]
[WhiteTeam "Tlmace"]
[BlackTeam "Trnava Lokomotiva"]
[WhiteTeamCountry "SVK"]
[BlackTeamCountry "SVK"]

1. c4 Nf6 2. Nc3 e5 3. Nf3 Nc6 4. g3 Bc5 5. Bg2 d6 6. 0-0 0-0 7. d3 a6 8. a3 Ba7 9. b4 Re8 10. Bb2 Bf5 11. e3 Qd7 12. Re1 Bg4 13. Qc2 Qf5 14. Nd2 Bh3 15. Nde4 Bxg2 16. Nxf6+ Qxf6 17. Kxg2 Qg6 18. Nd5 1/2-1/2

[Event "SVK-chT1W 1112"]
[Site "Slovakia"]
[Date "2012.01.08"]
[Round "7.4"]
[White "Debnar, Lubos"]
[Black "Fabian, Jaroslav"]
[Result "1-0"]
[WhiteElo "2266"]
[BlackElo "2192"]
[PlyCount "89"]
[EventDate "2011.10.15"]
[EventType "team-tourn"]
[EventRounds "11"]
[EventCountry "SVK"]
[SourceTitle "EXT 2013"]
[Source "ChessBase"]
[SourceDate "2012.11.22"]
[SourceVersion "1"]
[SourceVersionDate "2012.11.22"]
[SourceQuality "1"]
[WhiteTeam "Nitra"]
[BlackTeam "Tlmace"]
[WhiteTeamCountry "SVK"]
[BlackTeamCountry "SVK"]

1. d4 Nf6 2. c4 g6 3. Nc3 d5 4. cxd5 Nxd5 5. e4 Nxc3 6. bxc3 Bg7 7. Bc4 0-0 8. Ne2 c5 9. 0-0 cxd4 10. cxd4 Nc6 11. Be3 Na5 12. Bd3 b6 13. Rc1 e6 14. Qd2 Bb7 15. h4 Rc8 16. h5 Rxc1 17. Rxc1 Qa8 18. h6 Bh8 19. f3 Rc8 20. Bg5 Rxc1+ 21. Qxc1 Qc8 22. Qf4 e5 23. Qh4 exd4 24. Bf6 Bxf6 25. Qxf6 Qf8 26. Qf4 Qd8 27. Qe5 Qf8 28. Qf4 Qd8 29. Ng3 Nc6 30. Bc4 Qe7 31. Nh5 gxh5 32. Qg3+ Kf8 33. Qg7+ Ke8 34. Qxh7 Ne5 35. Qg8+ Kd7 36. h7 Ng6 37. Bxf7 Bxe4 38. Bxg6 Bxg6 39. Qd5+ Kc7 40. Qc4+ Kb7 41. h8Q Qe3+ 42. Kh1 Qe1+ 43. Kh2 Qh4+ 44. Kg1 Qe1+ 45. Qf1 1-0

[Event "SVK-chT1W 1011"]
[Site "Slovakia"]
[Date "2011.03.20"]
[Round "9"]
[White "Fabian, Jaroslav"]
[Black "Szitkey, Milan"]
[Result "1-0"]
[WhiteElo "2202"]
[BlackElo "2152"]
[PlyCount "53"]
[EventDate "2010.11.06"]
[EventType "team-tourn"]
[EventRounds "11"]
[EventCountry "SVK"]
[SourceTitle "EXT 2012"]
[Source "ChessBase"]
[SourceDate "2011.11.24"]
[SourceVersion "1"]
[SourceVersionDate "2011.11.24"]
[SourceQuality "1"]
[WhiteTeam "Tlmace"]
[BlackTeam "Trnava Lokomotiva"]
[WhiteTeamCountry "SVK"]
[BlackTeamCountry "SVK"]

1. c4 e6 2. Nc3 d5 3. d4 Nf6 4. Nf3 c6 5. Bg5 Nbd7 6. e3 Be7 7. Bd3 0-0 8. 0-0 dxc4 9. Bxc4 b5 10. Bd3 a6 11. Qc2 h6 12. Bxf6 Nxf6 13. Ne4 Bb7 14. Nc5 Qb6 15. Rfc1 Rac8 16. Ne5 Bxc5 17. Qxc5 Qc7 18. Rc2 Rfd8 19. Rac1 Rd5 20. Qb4 Rd6 21. Rc5 Nd5 22. Qb3 Nb6 23. Be4 Kf8 24. Bxc6 Na4 25. R5c2 Bxc6 26. Nxc6 Qb6 27. Qb4 1-0

[Event "SVK-chT1W 1011"]
[Site "Slovakia"]
[Date "2011.03.19"]
[Round "8"]
[White "Gasa, Andrej"]
[Black "Fabian, Jaroslav"]
[Result "1-0"]
[WhiteElo "2256"]
[BlackElo "2202"]
[PlyCount "115"]
[EventDate "2010.11.06"]
[EventType "team-tourn"]
[EventRounds "11"]
[EventCountry "SVK"]
[SourceTitle "EXT 2012"]
[Source "ChessBase"]
[SourceDate "2011.11.24"]
[SourceVersion "1"]
[SourceVersionDate "2011.11.24"]
[SourceQuality "1"]
[WhiteTeam "Osuske"]
[BlackTeam "Tlmace"]
[WhiteTeamCountry "SVK"]
[BlackTeamCountry "SVK"]

1. e4 c5 2. Nf3 d6 3. d4 cxd4 4. Nxd4 Nf6 5. Nc3 Nc6 6. Be2 a6 7. 0-0 e6 8. a4 Qc7 9. Be3 Be7 10. Nb3 b6 11. f4 0-0 12. g4 d5 13. exd5 Nxd5 14. Nxd5 exd5 15. c3 Bb7 16. Bf3 Rad8 17. Qd2 Rfe8 18. Rad1 Bf8 19. Bf2 Na5 20. Nxa5 bxa5 21. Bd4 Bd6 22. f5 f6 23. Rfe1 Kf7 24. Qf2 Rxe1+ 25. Rxe1 Re8 26. Rxe8 Kxe8 27. Qe2+ Kf8 28. h3 Qd7 29. b3 Bc7 30. Qe3 Kf7 31. Bg2 Qd6 32. Bc5 Qh2+ 33. Kf1 Qxg2+ 34. Kxg2 d4+ 35. Qf3 Bxf3+ 36. Kxf3 dxc3 37. Ke3 Ke8 38. Kd3 Kd7 39. Kxc3 Kc6 40. Kc4 Bg3 41. Bf8 g6 42. Be7 gxf5 43. gxf5 Bh4 44. Bd8 Kd6 45. Kd4 Bf2+ 46. Ke4 Bh4 47. Bxa5 Kc5 48. Bc3 h5 49. Kd3 Kd5 50. b4 Bg5 51. Bd4 Bh4 52. b5 axb5 53. axb5 Bg5 54. b6 Kc6 55. Ke4 Bh4 56. b7 Kxb7 57. Kd5 Kc7 58. Ke6 1-0

[Event "SVK-chT1W 1011"]
[Site "Slovakia"]
[Date "2011.02.12"]
[Round "6.4"]
[White "Pinter, Patrik"]
[Black "Fabian, Jaroslav"]
[Result "0-1"]
[WhiteElo "2189"]
[BlackElo "2202"]
[PlyCount "76"]
[EventDate "2010.11.06"]
[EventType "team-tourn"]
[EventRounds "11"]
[EventCountry "SVK"]
[SourceTitle "EXT 2012"]
[Source "ChessBase"]
[SourceDate "2011.11.24"]
[SourceVersion "1"]
[SourceVersionDate "2011.11.24"]
[SourceQuality "1"]
[WhiteTeam "Nitra"]
[BlackTeam "Tlmace"]
[WhiteTeamCountry "SVK"]
[BlackTeamCountry "SVK"]

1. e4 c5 2. Nf3 d6 3. d4 cxd4 4. Nxd4 Nf6 5. Nc3 Nc6 6. Be2 e6 7. Be3 a6 8. Qd2 Be7 9. 0-0-0 0-0 10. h3 Nxd4 11. Qxd4 Nd7 12. f4 b5 13. Bf3 Rb8 14. g4 Bb7 15. h4 Qa5 16. Kb1 b4 17. Ne2 e5 18. Qd2 exf4 19. Bd4 Ne5 20. Qxf4 Nc6 21. g5 Nxd4 22. Nxd4 g6 23. Rhg1 Qe5 24. Qd2 Rfc8 25. Bg4 Rd8 26. Nf3 Qc5 27. Qf4 Bf8 28. h5 Bg7 29. Rh1 Qc4 30. hxg6 hxg6 31. Rhe1 Re8 32. Qxd6 Bxe4 33. Rxe4 Qxe4 34. Rg1 Rbd8 35. Qg3 a5 36. Qh3 Qd5 37. Qh1 a4 38. Rc1 a3 0-1

[Event "HUN-chT2 Charousek 1011"]
[Site "Hungary"]
[Date "2010.11.07"]
[Round "5"]
[White "Bali, Janos"]
[Black "Fabian, Jaroslav"]
[Result "1-0"]
[WhiteElo "2265"]
[BlackElo "2202"]
[PlyCount "89"]
[EventDate "2010.09.12"]
[EventType "team-tourn"]
[EventRounds "11"]
[EventCountry "HUN"]
[SourceTitle "EXT 2012"]
[Source "ChessBase"]
[SourceDate "2011.11.24"]
[SourceVersion "1"]
[SourceVersionDate "2011.11.24"]
[SourceQuality "1"]
[WhiteTeam "BEAC"]
[BlackTeam "Pannonpower"]
[WhiteTeamCountry "HUN"]
[BlackTeamCountry "HUN"]

1. d4 Nf6 2. c4 g6 3. Nc3 d5 4. cxd5 Nxd5 5. Bd2 Bg7 6. e4 Nb6 7. Be3 Nc6 8. d5 Nb8 9. a4 0-0 10. a5 N6d7 11. Nf3 c6 12. Bc4 Nf6 13. h3 cxd5 14. exd5 Bf5 15. Qb3 Qc8 16. Nd4 Bd7 17. f3 Na6 18. Kf2 Nh5 19. Nce2 Qc7 20. g4 Nf6 21. Bf4 Qc5 22. Be3 Qb4 23. Bxa6 Qxb3 24. Nxb3 bxa6 25. Nc5 Bb5 26. Nc3 Bc4 27. Rhd1 Rfd8 28. Rd4 Bxd5 29. g5 Ne4+ 30. fxe4 Bxd4 31. Nxd5 Bxe3+ 32. Kxe3 e6 33. Nf6+ Kg7 34. Nxa6 h6 35. h4 hxg5 36. hxg5 Rh8 37. b4 e5 38. Rf1 Rac8 39. Nc5 Rb8 40. Nd5 Rh5 41. Nd7 Rb7 42. Nxe5 Rxg5 43. a6 Rb8 44. Rxf7+ Kh6 45. Rb7 1-0

[Event "SVK-chT1W 0910"]
[Site "Slovakia"]
[Date "2010.01.17"]
[Round "7.5"]
[White "Fabian, Jaroslav"]
[Black "Dlhy, Jozef"]
[Result "0-1"]
[WhiteElo "2226"]
[BlackElo "2087"]
[PlyCount "114"]
[EventDate "2009.10.17"]
[EventType "team"]
[EventRounds "11"]
[EventCountry "SVK"]
[SourceTitle "EXT 2011"]
[Source "ChessBase"]
[SourceDate "2010.11.26"]
[SourceVersion "1"]
[SourceVersionDate "2010.11.26"]
[SourceQuality "1"]
[WhiteTeam "Tlmace"]
[BlackTeam "Nitra NSK II"]
[WhiteTeamCountry "SVK"]
[BlackTeamCountry "SVK"]

1. e4 c6 2. d4 d5 3. exd5 cxd5 4. c4 Nf6 5. Nc3 Nc6 6. Bg5 Qa5 7. Bxf6 exf6 8. cxd5 Bb4 9. Qd2 Ne7 10. Bc4 0-0 11. Nge2 Bf5 12. 0-0 Rac8 13. Bb3 Rfd8 14. a3 Bd6 15. Rac1 b5 16. Ng3 Bg6 17. Rfe1 f5 18. f4 Kf8 19. Nge2 a6 20. g3 Qb6 21. Na2 a5 22. Rxc8 Rxc8 23. Rc1 Rd8 24. Nac3 Bh5 25. Qd3 Bxe2 26. Nxe2 b4 27. a4 g6 28. Qb5 Qxb5 29. axb5 Rb8 30. Bc4 a4 31. Kf2 Nc8 32. Ke3 Nb6 33. Kd3 Rc8 34. b3 a3 35. Rb1 Ke7 36. Nc1 Kd7 37. Na2 Re8 38. Rd1 h6 39. Rf1 Re7 40. Nc1 Kc7 41. Na2 Nc8 42. Kd2 Kb6 43. Bd3 Na7 44. Rc1 Rc7 45. Re1 Nxb5 46. Bxb5 Kxb5 47. Re8 Rd7 48. Kd3 g5 49. fxg5 hxg5 50. Rc8 f4 51. gxf4 gxf4 52. Re8 f5 53. Re6 f3 54. Rf6 f4 55. Rg6 Rh7 56. Rxd6 Rxh2 57. Nc1 Rh1 0-1

[Event "HUN-chT2 Charousek 0809"]
[Site "Hungary"]
[Date "2009.01.11"]
[Round "5"]
[White "Fabian, Jaroslav"]
[Black "Jozsa, Csaba"]
[Result "1-0"]
[WhiteElo "2223"]
[BlackElo "2167"]
[PlyCount "49"]
[EventDate "2008.10.26"]
[EventType "team-tourn"]
[EventRounds "11"]
[EventCountry "HUN"]
[SourceTitle "EXT 2010"]
[Source "ChessBase"]
[SourceDate "2010.11.25"]
[SourceVersion "1"]
[SourceVersionDate "2010.11.25"]
[SourceQuality "1"]
[WhiteTeam "Pannonpower"]
[BlackTeam "Gyor Elektromos"]
[WhiteTeamCountry "HUN"]
[BlackTeamCountry "HUN"]

1. e4 c5 2. Nf3 Nc6 3. d4 cxd4 4. Nxd4 Nf6 5. Nc3 d6 6. f3 e5 7. Nb3 Be6 8. Be3 Be7 9. Qd2 0-0 10. 0-0-0 a5 11. Bb5 Qb8 12. g4 Nb4 13. g5 Nh5 14. a3 Rc8 15. Kb1 Na6 16. Nxa5 Nc5 17. Nd5 Bf8 18. Nb6 Qc7 19. Nxa8 Rxa8 20. Nb3 Qb6 21. Nxc5 Qxb5 22. Nxe6 fxe6 23. Qd3 Qc6 24. Qb3 Kf7 25. Rd3 1-0

[Event "SVK-chT2B 0809"]
[Site "Slovakia"]
[Date "2008.11.08"]
[Round "3.2"]
[White "Gombar, Peter"]
[Black "Fabian, Jaroslav"]
[Result "1/2-1/2"]
[WhiteElo "2016"]
[BlackElo "2223"]
[PlyCount "135"]
[EventDate "2008.10.11"]
[EventType "team-tourn"]
[EventRounds "11"]
[EventCountry "SVK"]
[SourceTitle "EXT 2010"]
[Source "ChessBase"]
[SourceDate "2010.11.25"]
[SourceVersion "1"]
[SourceVersionDate "2010.11.25"]
[SourceQuality "1"]
[WhiteTeam "Belusa Hermes"]
[BlackTeam "Tlmace SK"]
[WhiteTeamCountry "SVK"]
[BlackTeamCountry "SVK"]

1. d4 Nf6 2. Nf3 g6 3. Bf4 Bg7 4. c3 c5 5. e3 Qb6 6. Qb3 d6 7. Qxb6 axb6 8. Nbd2 0-0 9. e4 Nbd7 10. d5 Nh5 11. Bg5 Ndf6 12. h3 h6 13. Be3 Nd7 14. Bb5 f5 15. exf5 gxf5 16. Nc4 Nhf6 17. Bxd7 Nxd7 18. 0-0 b5 19. Na3 b4 20. Nb5 bxc3 21. bxc3 Nb6 22. Nc7 Ra4 23. Bd2 Nc4 24. Rfc1 Bd7 25. Be1 b5 26. Rc2 Rc8 27. Ne6 Bxe6 28. dxe6 Rca8 29. Nd2 Ne5 30. Nb3 Nd3 31. Bd2 Ra3 32. Nc1 Nxc1 33. Rcxc1 Rxa2 34. Rxa2 Rxa2 35. Be1 Be5 36. Rb1 Kg7 37. Kf1 Ra5 38. Bd2 Kf6 39. f4 Bxf4 40. Bxf4 h5 41. Re1 Ra4 42. Bxd6 b4 43. Bxc5 bxc3 44. Be3 f4 45. Bc1 Kf5 46. Kf2 Rc4 47. Re2 c2 48. Ke1 Rc3 49. Kd2 Rg3 50. Kxc2 f3 51. gxf3 Rxh3 52. Ba3 Kf6 53. Bb2+ Kg6 54. Re3 Rh2+ 55. Kc3 h4 56. Ba3 Kf6 57. Kd3 h3 58. Ke4 Ra2 59. Bxe7+ Kxe7 60. Kf4 Rg2 61. Re1 h2 62. Rh1 Kxe6 63. Ke3 Kf5 64. f4 Kg4 65. f5 Kg3 66. Ke4 Rf2 67. Ke5 Kg4 68. f6 1/2-1/2

[Event "HUN-chT2 Charousek 0708"]
[Site "Hungary"]
[Date "2008.05.18"]
[Round "11"]
[White "Metaxasz, Vaszilisz"]
[Black "Fabian, Jaroslav"]
[Result "1/2-1/2"]
[WhiteElo "2175"]
[BlackElo "2237"]
[PlyCount "92"]
[EventDate "2007.10.14"]
[EventType "team"]
[EventRounds "11"]
[EventCountry "HUN"]
[SourceTitle "EXT 2009"]
[Source "ChessBase"]
[SourceDate "2008.11.26"]
[SourceVersion "1"]
[SourceVersionDate "2008.11.26"]
[SourceQuality "1"]
[WhiteTeam "Taban Spartacus"]
[BlackTeam "Pannonpower"]
[WhiteTeamCountry "HUN"]
[BlackTeamCountry "HUN"]

1. c4 Nf6 2. g3 g6 3. Bg2 d5 4. cxd5 Nxd5 5. Nc3 Nb6 6. Nf3 Bg7 7. 0-0 0-0 8. d3 Nc6 9. Be3 h6 10. a4 a5 11. Nd2 Nd4 12. Nb3 e5 13. Nb5 c6 14. N5xd4 exd4 15. Bd2 Nd5 16. Qc2 Re8 17. Bf3 Bh3 18. Rfc1 Qb6 19. Be1 Bf8 20. Nd2 Nb4 21. Qd1 Be6 22. Nc4 Qd8 23. Bd2 Ra7 24. h4 Bd5 25. Bxd5 Qxd5 26. Qf1 Ra6 27. Bxb4 Bxb4 28. Rc2 Qh5 29. Qd1 Raa8 30. e4 dxe3 31. Nxe3 Qxd1+ 32. Rxd1 Rad8 33. Kf1 Kg7 34. Rc4 Re5 35. Ke2 h5 36. f4 Re7 37. Kf3 Rde8 38. Re4 f5 39. Rxe7+ Rxe7 40. Nc4 Kf6 41. Ne5 Rg7 42. Ke3 Bd6 43. d4 Ke6 44. Nc4 Bb4 45. Ne5 Kd5 46. Rd3 Re7 1/2-1/2

[Event "HUN-chT2 Charousek 0607"]
[Site "Hungary"]
[Date "2007.03.04"]
[Round "6"]
[White "Fabian, Jaroslav"]
[Black "Horvath, Gabor2222"]
[Result "0-1"]
[WhiteElo "2258"]
[BlackElo "2233"]
[PlyCount "80"]
[EventDate "2006.11.12"]
[EventType "team"]
[EventRounds "11"]
[EventCountry "HUN"]
[SourceTitle "EXT 2008"]
[Source "ChessBase"]
[SourceDate "2007.11.25"]
[SourceVersion "1"]
[SourceVersionDate "2007.11.25"]
[SourceQuality "1"]
[WhiteTeam "Pannonpower"]
[BlackTeam "Decs"]
[WhiteTeamCountry "HUN"]
[BlackTeamCountry "HUN"]

1. d4 f5 2. c4 Nf6 3. Nc3 g6 4. g3 Bg7 5. Bg2 0-0 6. Nf3 d6 7. 0-0 Qe8 8. d5 Na6 9. Nd4 Bd7 10. Be3 h6 11. h4 Ng4 12. Bc1 c6 13. e4 fxe4 14. Nxe4 Nc7 15. Nc3 c5 16. Ne6 Nxe6 17. dxe6 Bxe6 18. Bxb7 Ne5 19. Bd5 Bxd5 20. Qxd5+ Qf7 21. Qxf7+ Kxf7 22. Rb1 Nxc4 23. Nd5 e6 24. Nf4 Rab8 25. b3 Ne5 26. Be3 Nf3+ 27. Kg2 Nd4 28. h5 g5 29. Nd3 e5 30. Rfc1 Rfc8 31. Rc4 e4 32. Nb2 Nb5 33. Ra4 Rb7 34. Bd2 d5 35. Ra6 Rb6 36. Ra5 a6 37. Nd1 Ke6 38. Ne3 Bd4 39. Ng4 Kf5 40. Nxh6+ Rxh6 0-1

[Event "HUN-chT2 Charousek 0607"]
[Site "Hungary"]
[Date "2007.02.18"]
[Round "5"]
[White "Szakony, Laszlo"]
[Black "Fabian, Jaroslav"]
[Result "1-0"]
[WhiteElo "2199"]
[BlackElo "2258"]
[PlyCount "101"]
[EventDate "2006.11.12"]
[EventType "team"]
[EventRounds "11"]
[EventCountry "HUN"]
[SourceTitle "EXT 2008"]
[Source "ChessBase"]
[SourceDate "2007.11.25"]
[SourceVersion "1"]
[SourceVersionDate "2007.11.25"]
[SourceQuality "1"]
[WhiteTeam "Csuti II"]
[BlackTeam "Pannonpower"]
[WhiteTeamCountry "HUN"]
[BlackTeamCountry "HUN"]

1. b3 e5 2. Bb2 Nc6 3. e3 d5 4. Bb5 Bd6 5. f4 Qh4+ 6. g3 Qe7 7. Nf3 Bg4 8. fxe5 Bxe5 9. Bxe5 Bxf3 10. Qxf3 Qxe5 11. 0-0 Nf6 12. Nc3 0-0 13. Bxc6 bxc6 14. Qf5 Rfe8 15. Qxe5 Rxe5 16. Rf4 Nd7 17. Raf1 f6 18. Ra4 Kf7 19. Ne2 c5 20. Nf4 a5 21. d4 Re4 22. Nxd5 c6 23. Nc7 Ra7 24. d5 Rxa4 25. dxc6 Re4 26. Nb5 Re7 27. Nxa7 Ne5 28. Nb5 Nxc6 29. Nd6+ Ke6 30. Nc4 Rd7 31. Kf2 Ne5 32. Nxe5 Kxe5 33. Ke2 g5 34. g4 Ke6 35. Rf5 Rc7 36. Kd3 h5 37. h3 a4 38. Kc4 axb3 39. cxb3 Ra7 40. a4 hxg4 41. hxg4 Rh7 42. Rf1 Rh4 43. Kxc5 Rxg4 44. a5 Rg2 45. b4 Ra2 46. Kb6 g4 47. a6 Ke5 48. b5 g3 49. Rg1 g2 50. a7 Ke4 51. Rxg2 1-0

[Event "SVK-chT2B 0607"]
[Site "Slovakia"]
[Date "2006.12.17"]
[Round "6.2"]
[White "Fabian, Jaroslav"]
[Black "Kvassay, Peter"]
[Result "1-0"]
[WhiteElo "2258"]
[BlackElo "2045"]
[PlyCount "35"]
[EventDate "2006.10.14"]
[EventType "team-tourn"]
[EventRounds "11"]
[EventCountry "SVK"]
[SourceTitle "EXT 2008"]
[Source "ChessBase"]
[SourceDate "2007.11.25"]
[SourceVersion "1"]
[SourceVersionDate "2007.11.25"]
[SourceQuality "1"]
[WhiteTeam "Tlmace"]
[BlackTeam "Povazska Bystrica II"]
[WhiteTeamCountry "SVK"]
[BlackTeamCountry "SVK"]

1. e4 e5 2. Nf3 Nc6 3. d4 exd4 4. Nxd4 Bc5 5. Be3 Qe7 6. Nc3 Nf6 7. Nf5 Qf8 8. Nxg7+ Qxg7 9. Bxc5 d6 10. Bd4 Nxd4 11. Qxd4 0-0 12. 0-0-0 Be6 13. Be2 Ng4 14. Bxg4 Qxd4 15. Rxd4 Bxg4 16. Nd5 f5 17. f3 c5 18. Rd2 1-0

[Event "SVK-chT2B 0607"]
[Site "Slovakia"]
[Date "2006.12.16"]
[Round "5.2"]
[White "Fabian, Jaroslav"]
[Black "Lancz, Ondrej"]
[Result "1/2-1/2"]
[WhiteElo "2258"]
[BlackElo "2132"]
[PlyCount "59"]
[EventDate "2006.10.14"]
[EventType "team-tourn"]
[EventRounds "11"]
[EventCountry "SVK"]
[SourceTitle "EXT 2008"]
[Source "ChessBase"]
[SourceDate "2007.11.25"]
[SourceVersion "1"]
[SourceVersionDate "2007.11.25"]
[SourceQuality "1"]
[WhiteTeam "Tlmace"]
[BlackTeam "Sala"]
[WhiteTeamCountry "SVK"]
[BlackTeamCountry "SVK"]

1. d4 Nf6 2. c4 e6 3. Nc3 Bb4 4. Nf3 b6 5. Bg5 Bb7 6. e3 h6 7. Bh4 g5 8. Bg3 Ne4 9. Qc2 Bxc3+ 10. bxc3 d6 11. Nd2 Nxd2 12. Qxd2 Nd7 13. f3 Qe7 14. Be2 e5 15. e4 a5 16. Bf2 c5 17. 0-0 Rg8 18. Bd3 Ba6 19. Kh1 0-0-0 20. Rab1 Kc7 21. Qc2 h5 22. Rb2 h4 23. h3 Rb8 24. Rfb1 Nf6 25. Qa4 Qd7 26. Qd1 Nh5 27. Kh2 Qe6 28. Qa4 Nf4 29. Bf1 Qe8 30. Qd1 1/2-1/2